074_ Personnalités nées un 15 mars par images - Statistiques

Statistiques générales
  • Ce quiz a été pris 34 fois
  • Le résultat moyen est 3 sur 9
Statistiques - réponses
Par images Hint Réponse % Correct
Animateur Cyril Féraud
91%
Footballeur Paul Pogba
88%
Journaliste Benjamin Duhamel
53%
Politicienne Clémence Guetté
44%
Réalisateur David Cronenberg
9%
Juriste et Philosophe Cesare Beccaria
3%
Dirigeant Politique Andrew Jackson
0%
Mangaka Naoko Takeuchi
0%
Handballeur Philippe Gardent
0%
Aucun quiz correspondant
Distribution des résultats
% des personnes avec chaque résultat
Percentile par nombre de réponses
Votre historique - résultats
Vous n’avez pas pris ce quiz